Catálogo público

Enfermedades de las aves / R. F. Gordon; coautor F. T. W. Jordan (Record no. 216892)

MARC details
000 -CABECERA
campo de control de longitud fija 00861nam a2200265Ia 4500
001 - NÚMERO DE CONTROL
campo de control Z_2973
008 - DATOS DE LONGITUD FIJA--INFORMACIÓN GENERAL
campo de control de longitud fija 220601s9999 xx 000 0 und d
020 ## - NÚMERO INTERNACIONAL ESTÁNDAR DEL LIBRO
Número Internacional Estándar del Libro 968-426-311-3
082 ## - NÚMERO DE LA CLASIFICACIÓN DECIMAL DEWEY
Número de clasificación 636.5089 G67
100 ## - ENTRADA PRINCIPAL--NOMBRE DE PERSONA
Nombre de persona Gordon, R. F.
9 (RLIN) 50026
245 ## - MENCIÓN DE TÍTULO
Título Enfermedades de las aves / R. F. Gordon; coautor F. T. W. Jordan
250 ## - MENCIÓN DE EDICIÓN
Mención de edición 2a ed.
260 ## - PUBLICACIÓN, DISTRIBUCIÓN, ETC.
Lugar de publicación, distribución, etc. México : El Manual Moderno
300 ## - DESCRIPCIÓN FÍSICA
Extensión 383 p.
500 ## - NOTA GENERAL
Nota general Traducción de la 2 ed. en inglés de 1982 la bibioteca cuenta con la 3a reimpresión de 1991
503 ## - NOTA DE HISTORIA BIBLIOGRÁFICA (BK CF MU) [OBSOLETO]
Nota de historia bibliográfica ej.1: ?, ej.2: reposición del 118144
504 ## - NOTA DE BIBLIOGRAFÍA, ETC.
Nota de bibliografía, etc. Incluye índice
650 ## - PUNTO DE ACCESO ADICIONAL DE MATERIA--TÉRMINO DE MATERIA
Término de materia o nombre geográfico como elemento de entrada 1. Aves de corral - Enfermedades
9 (RLIN) 179999
700 ## - PUNTO DE ACCESO ADICIONAL--NOMBRE DE PERSONA
Nombre de persona I. Jordan, F. T. W., coaut.Ì
9 (RLIN) 180000
901 ## - ELEMENTOS DE DATOS A LOCAL LDA (RLIN)
a 636.5089 G67
902 ## - ELEMENTOS DE DATOS B LOCAL, LDB (RLIN)
a M
905 ## - ELEMENTOS DE DATOS E LOCAL, LDE (RLIN)
a 000000[1985] mx adn 0000000000spa00
942 ## - ELEMENTOS DE PUNTO DE ACCESO ADICIONAL (KOHA)
Tipo de ítem Koha Libro_
Holdings
Estado de retiro Estado de pérdida Fuente del sistema de clasificación o colocación Estado dañado No para préstamo Código de colección Localización permanente Ubicación/localización actual Ubicación en estantería Fecha de adquisición Total de préstamos Código de barras Fecha visto por última vez Número de copia Precio válido a partir de Tipo de ítem Koha Fecha del último préstamo
    Dewey Decimal Classification     General Zootecnia Zootecnia   09/11/2005   z_1727 02/06/2022 2 02/06/2022 Libro  
    Dewey Decimal Classification     General Zootecnia Zootecnia   24/02/2010 1 z_1726 14/03/2024 1 02/06/2022 Libro 14/03/2024